ڿϢ |
| 索取号 |
Z6/BXSH
|
| 题名 |
Сʱ
|
| 作者 |
Сʱ⡷־༭
|
| 分册号 |
|
| 分册名 |
|
| 出版地 |
|
| 出版者 |
|
| 标准刊号 |
1000-0461
|
| 出版频率 |
¿
|
| 中图法分类 |
Z6
|
| 主题词 |
ڿ; ; ; ֽ; 챨
|
| 电子资源 | |
| |
|
| 000 | 00657nas0 2200241 45 | |
| 001 | 0734230047 | |
| 005 | 2007090409303004 | |
| 011 | @a1000-0461 | |
| 091 | @aCN12-1016 | |
| 100 | @a20070904d km y0chiy0120 ea | |
| 101 | 0 | @achi |
| 200 | 1 | @aСʱ@ABa Xiao Shi Yi Wai@fСʱ⡷־༭@FBa Xiao Shi Yi WaiZa Zhi Bian Ji Bu |
| 210 | @a@c | |
| 326 | @a¿ | |
| 606 | 0 | @aڿ |
| 606 | 0 | @a |
| 606 | 0 | @a |
| 606 | 0 | @aֽ |
| 606 | 0 | @a챨 |
| 690 | @aZ6@v4 | |
| 711 | 02 | @aСʱ⡷־༭@ABa Xiao Shi Yi WaiZa Zhi Bian Ji Bu |
| 801 | 0 | @aCN@bPFT@c20070904 |
| 905 | @a213230@dZ6@eBXSH | |
| Сʱ/Сʱ⡷־༭.- |
| ISSN 1000-0461 |
| ● |
| 相关链接: |
|
|
|
|